<?xml version="1.0" encoding="UTF-8"?>
<record
    xmlns:xsi="http://www.w3.org/2001/XMLSchema-instance"
    xsi:schemaLocation="http://www.loc.gov/MARC21/slim http://www.loc.gov/standards/marcxml/schema/MARC21slim.xsd"
    xmlns="http://www.loc.gov/MARC21/slim">

  <leader>04246nam a22004217a 4500</leader>
  <controlfield tag="005">20091112111051.0</controlfield>
  <controlfield tag="008">091112t        xxu||||| |||| 00| 0 hin d</controlfield>
  <datafield tag="010" ind1=" " ind2=" ">
    <subfield code="a">HIN-88493</subfield>
  </datafield>
  <datafield tag="020" ind1=" " ind2=" ">
    <subfield code="c">120.00</subfield>
    <subfield code="a">9788190961509</subfield>
  </datafield>
  <datafield tag="035" ind1=" " ind2=" ">
    <subfield code="a">HN-60839</subfield>
  </datafield>
  <datafield tag="037" ind1=" " ind2=" ">
    <subfield code="b">DBAD / PUB</subfield>
  </datafield>
  <datafield tag="037" ind1=" " ind2=" ">
    <subfield code="b">&#x92E;&#x902;&#x936;&#x93E; &#x938;&#x94B;&#x932;&#x94D;&#x92F;&#x942;&#x936;&#x902;&#x938;/ PUB</subfield>
  </datafield>
  <datafield tag="040" ind1=" " ind2=" ">
    <subfield code="a">DPL</subfield>
    <subfield code="b">HN</subfield>
  </datafield>
  <datafield tag="082" ind1=" " ind2=" ">
    <subfield code="a">000</subfield>
  </datafield>
  <datafield tag="100" ind1=" " ind2=" ">
    <subfield code="a">&#x936;&#x930;&#x94D;&#x92E;&#x93E;, &#x92A;&#x94D;&#x930;&#x947;&#x92E;&#x936;&#x902;&#x915;&#x930;</subfield>
    <subfield code="9">2348</subfield>
  </datafield>
  <datafield tag="245" ind1=" " ind2=" ">
    <subfield code="a">&#x92D;&#x93E;&#x930;&#x924; &#x915;&#x93E; &#x938;&#x93E;&#x92E;&#x93E;&#x928;&#x94D;&#x92F; &#x905;&#x927;&#x94D;&#x92F;&#x92F;&#x928; /</subfield>
    <subfield code="c">&#x92A;&#x94D;&#x930;&#x947;&#x92E;&#x936;&#x902;&#x915;&#x930; &#x936;&#x930;&#x94D;&#x92E;&#x93E;</subfield>
  </datafield>
  <datafield tag="246" ind1=" " ind2=" ">
    <subfield code="a">Bharat ka Samanya Adhyayan /</subfield>
    <subfield code="b">Premshanker Sharma</subfield>
  </datafield>
  <datafield tag="260" ind1=" " ind2=" ">
    <subfield code="a">&#x91C;&#x92F;&#x92A;&#x941;&#x930;</subfield>
    <subfield code="b">&#x92E;&#x902;&#x936;&#x93E; &#x938;&#x94B;&#x932;&#x94D;&#x92F;&#x942;&#x936;&#x902;&#x938;</subfield>
    <subfield code="c">2008</subfield>
  </datafield>
  <datafield tag="270" ind1=" " ind2=" ">
    <subfield code="a">958, &#x927;&#x93E;&#x92E;&#x93E;&#x923;&#x940; &#x938;&#x94D;&#x91F;&#x94D;&#x930;&#x940;&#x91F;, &#x91A;&#x94C;&#x921;&#x93C;&#x93E; &#x930;&#x93E;&#x938;&#x94D;&#x924;&#x93E;</subfield>
    <subfield code="b">&#x91C;&#x92F;&#x92A;&#x941;&#x930;</subfield>
  </datafield>
  <datafield tag="300" ind1=" " ind2=" ">
    <subfield code="a">80&#x92A;&#x943;</subfield>
    <subfield code="c">22&#x938;&#x947;&#x92E;&#x940; (&#x938;&#x91C;&#x93F;&#x932;&#x94D;&#x926;)</subfield>
  </datafield>
  <datafield tag="650" ind1=" " ind2=" ">
    <subfield code="a">&#x938;&#x93E;&#x92E;&#x93E;&#x928;&#x94D;&#x92F; &#x91C;&#x94D;&#x91E;&#x93E;&#x928;</subfield>
    <subfield code="9">2349</subfield>
  </datafield>
  <datafield tag="650" ind1=" " ind2=" ">
    <subfield code="a">General Knowladge</subfield>
    <subfield code="9">2350</subfield>
  </datafield>
  <datafield tag="651" ind1=" " ind2=" ">
    <subfield code="x">&#x907;&#x924;&#x93F;&#x939;&#x93E;&#x938;</subfield>
    <subfield code="9">2351</subfield>
  </datafield>
  <datafield tag="942" ind1=" " ind2=" ">
    <subfield code="2">ddc</subfield>
    <subfield code="c">HN</subfield>
    <subfield code="h">000</subfield>
    <subfield code="m">&#x936;&#x930;&#x94D;&#x92E;&#x93E;&#x92A;&#x94D;&#x930;&#x947;</subfield>
  </datafield>
  <datafield tag="999" ind1=" " ind2=" ">
    <subfield code="c">31726</subfield>
    <subfield code="d">31726</subfield>
  </datafield>
  <datafield tag="952" ind1=" " ind2=" ">
    <subfield code="0">0</subfield>
    <subfield code="1">0</subfield>
    <subfield code="2">ddc</subfield>
    <subfield code="4">0</subfield>
    <subfield code="7">1</subfield>
    <subfield code="8">NFIC</subfield>
    <subfield code="a">DBAD</subfield>
    <subfield code="b">DBAD</subfield>
    <subfield code="d">2009-11-12</subfield>
    <subfield code="e">DBAD / PUB</subfield>
    <subfield code="g">120.00</subfield>
    <subfield code="l">0</subfield>
    <subfield code="o">000 &#x936;&#x930;&#x94D;&#x92E;&#x93E;&#x92A;&#x94D;&#x930;&#x947;</subfield>
    <subfield code="p">HN-60839</subfield>
    <subfield code="r">2009-11-12 00:00:00</subfield>
    <subfield code="t">1</subfield>
    <subfield code="v">120.00</subfield>
    <subfield code="w">2009-11-12</subfield>
    <subfield code="y">HN</subfield>
  </datafield>
  <datafield tag="952" ind1=" " ind2=" ">
    <subfield code="0">0</subfield>
    <subfield code="1">5</subfield>
    <subfield code="2">ddc</subfield>
    <subfield code="4">0</subfield>
    <subfield code="7">0</subfield>
    <subfield code="8">NFIC</subfield>
    <subfield code="a">L</subfield>
    <subfield code="b">L</subfield>
    <subfield code="d">2010-07-29</subfield>
    <subfield code="e">&#x92E;&#x902;&#x936;&#x93E; &#x938;&#x94B;&#x932;&#x94D;&#x92F;&#x942;&#x936;&#x902;&#x938;/252/12.01.10/185/02.01.10/10.02.10</subfield>
    <subfield code="g">120.00</subfield>
    <subfield code="l">0</subfield>
    <subfield code="o">000 &#x936;&#x930;&#x94D;&#x92E;&#x93E;&#x92A;&#x94D;&#x930;&#x947;</subfield>
    <subfield code="p">B-370565</subfield>
    <subfield code="r">2010-07-29 00:00:00</subfield>
    <subfield code="t">1</subfield>
    <subfield code="v">120.00</subfield>
    <subfield code="y">HN</subfield>
  </datafield>
  <datafield tag="952" ind1=" " ind2=" ">
    <subfield code="0">1</subfield>
    <subfield code="1">0</subfield>
    <subfield code="2">ddc</subfield>
    <subfield code="4">0</subfield>
    <subfield code="7">0</subfield>
    <subfield code="8">NFIC</subfield>
    <subfield code="a">JP</subfield>
    <subfield code="b">JP</subfield>
    <subfield code="d">2010-07-29</subfield>
    <subfield code="e">&#x92E;&#x902;&#x936;&#x93E; &#x938;&#x94B;&#x932;&#x94D;&#x92F;&#x942;&#x936;&#x902;&#x938;/252/12.01.10/185/02.01.10/10.02.10</subfield>
    <subfield code="g">120.00</subfield>
    <subfield code="l">12</subfield>
    <subfield code="m">2</subfield>
    <subfield code="o">000 &#x936;&#x930;&#x94D;&#x92E;&#x93E;&#x92A;&#x94D;&#x930;&#x947;</subfield>
    <subfield code="p">B-370566</subfield>
    <subfield code="r">2018-04-21 00:00:00</subfield>
    <subfield code="s">2018-04-09</subfield>
    <subfield code="t">1</subfield>
    <subfield code="v">120.00</subfield>
    <subfield code="w">2010-07-29</subfield>
    <subfield code="y">HN</subfield>
  </datafield>
  <datafield tag="952" ind1=" " ind2=" ">
    <subfield code="0">0</subfield>
    <subfield code="1">0</subfield>
    <subfield code="2">ddc</subfield>
    <subfield code="4">0</subfield>
    <subfield code="7">0</subfield>
    <subfield code="8">NFIC</subfield>
    <subfield code="a">ZLS</subfield>
    <subfield code="b">ZLS</subfield>
    <subfield code="d">2010-07-29</subfield>
    <subfield code="e">&#x92E;&#x902;&#x936;&#x93E; &#x938;&#x94B;&#x932;&#x94D;&#x92F;&#x942;&#x936;&#x902;&#x938;/252/12.01.10/185/02.01.10/10.02.10</subfield>
    <subfield code="g">120.00</subfield>
    <subfield code="l">0</subfield>
    <subfield code="o">000 &#x936;&#x930;&#x94D;&#x92E;&#x93E;&#x92A;&#x94D;&#x930;&#x947;</subfield>
    <subfield code="p">B-370567</subfield>
    <subfield code="r">2010-07-29 00:00:00</subfield>
    <subfield code="t">1</subfield>
    <subfield code="v">120.00</subfield>
    <subfield code="w">2010-07-29</subfield>
    <subfield code="y">HN</subfield>
  </datafield>
  <datafield tag="952" ind1=" " ind2=" ">
    <subfield code="0">0</subfield>
    <subfield code="1">0</subfield>
    <subfield code="2">ddc</subfield>
    <subfield code="4">0</subfield>
    <subfield code="7">0</subfield>
    <subfield code="8">NFIC</subfield>
    <subfield code="a">VP</subfield>
    <subfield code="b">VP</subfield>
    <subfield code="d">2010-07-29</subfield>
    <subfield code="e">&#x92E;&#x902;&#x936;&#x93E; &#x938;&#x94B;&#x932;&#x94D;&#x92F;&#x942;&#x936;&#x902;&#x938;/252/12.01.10/185/02.01.10/10.02.10</subfield>
    <subfield code="g">120.00</subfield>
    <subfield code="l">2</subfield>
    <subfield code="o">000 &#x936;&#x930;&#x94D;&#x92E;&#x93E;&#x92A;&#x94D;&#x930;&#x947;</subfield>
    <subfield code="p">B-370568</subfield>
    <subfield code="r">2018-12-03 00:00:00</subfield>
    <subfield code="s">2013-09-07</subfield>
    <subfield code="t">1</subfield>
    <subfield code="v">120.00</subfield>
    <subfield code="w">2010-07-29</subfield>
    <subfield code="y">HN</subfield>
  </datafield>
  <datafield tag="952" ind1=" " ind2=" ">
    <subfield code="0">1</subfield>
    <subfield code="1">0</subfield>
    <subfield code="2">ddc</subfield>
    <subfield code="4">0</subfield>
    <subfield code="7">0</subfield>
    <subfield code="8">NFIC</subfield>
    <subfield code="a">BL3</subfield>
    <subfield code="b">BL3</subfield>
    <subfield code="d">2010-07-29</subfield>
    <subfield code="e">&#x92E;&#x902;&#x936;&#x93E; &#x938;&#x94B;&#x932;&#x94D;&#x92F;&#x942;&#x936;&#x902;&#x938;/252/12.01.10/185/02.01.10/10.02.10</subfield>
    <subfield code="g">120.00</subfield>
    <subfield code="l">0</subfield>
    <subfield code="o">000 &#x936;&#x930;&#x94D;&#x92E;&#x93E;&#x92A;&#x94D;&#x930;&#x947;</subfield>
    <subfield code="p">B-370569</subfield>
    <subfield code="r">2010-07-29 00:00:00</subfield>
    <subfield code="t">1</subfield>
    <subfield code="v">120.00</subfield>
    <subfield code="w">2010-07-29</subfield>
    <subfield code="y">HN</subfield>
  </datafield>
  <datafield tag="952" ind1=" " ind2=" ">
    <subfield code="0">0</subfield>
    <subfield code="1">0</subfield>
    <subfield code="2">ddc</subfield>
    <subfield code="4">0</subfield>
    <subfield code="7">0</subfield>
    <subfield code="8">NFIC</subfield>
    <subfield code="a">NRR</subfield>
    <subfield code="b">NRR</subfield>
    <subfield code="d">2010-07-29</subfield>
    <subfield code="e">&#x92E;&#x902;&#x936;&#x93E; &#x938;&#x94B;&#x932;&#x94D;&#x92F;&#x942;&#x936;&#x902;&#x938;/252/12.01.10/185/02.01.10/10.02.10</subfield>
    <subfield code="g">120.00</subfield>
    <subfield code="l">0</subfield>
    <subfield code="o">000 &#x936;&#x930;&#x94D;&#x92E;&#x93E;&#x92A;&#x94D;&#x930;&#x947;</subfield>
    <subfield code="p">B-370570</subfield>
    <subfield code="r">2010-07-29 00:00:00</subfield>
    <subfield code="t">1</subfield>
    <subfield code="v">120.00</subfield>
    <subfield code="w">2010-07-29</subfield>
    <subfield code="y">HN</subfield>
  </datafield>
  <datafield tag="952" ind1=" " ind2=" ">
    <subfield code="0">0</subfield>
    <subfield code="1">0</subfield>
    <subfield code="2">ddc</subfield>
    <subfield code="4">0</subfield>
    <subfield code="7">0</subfield>
    <subfield code="8">NFIC</subfield>
    <subfield code="a">BKK</subfield>
    <subfield code="b">BKK</subfield>
    <subfield code="d">2010-07-29</subfield>
    <subfield code="e">&#x92E;&#x902;&#x936;&#x93E; &#x938;&#x94B;&#x932;&#x94D;&#x92F;&#x942;&#x936;&#x902;&#x938;/252/12.01.10/185/02.01.10/10.02.10</subfield>
    <subfield code="g">120.00</subfield>
    <subfield code="l">0</subfield>
    <subfield code="o">000 &#x936;&#x930;&#x94D;&#x92E;&#x93E;&#x92A;&#x94D;&#x930;&#x947;</subfield>
    <subfield code="p">B-370571</subfield>
    <subfield code="r">2010-07-29 00:00:00</subfield>
    <subfield code="t">1</subfield>
    <subfield code="v">120.00</subfield>
    <subfield code="w">2010-07-29</subfield>
    <subfield code="y">HN</subfield>
  </datafield>
  <datafield tag="952" ind1=" " ind2=" ">
    <subfield code="0">0</subfield>
    <subfield code="1">5</subfield>
    <subfield code="2">ddc</subfield>
    <subfield code="4">0</subfield>
    <subfield code="7">0</subfield>
    <subfield code="8">NFIC</subfield>
    <subfield code="a">NR</subfield>
    <subfield code="b">NR</subfield>
    <subfield code="d">2010-07-29</subfield>
    <subfield code="e">&#x92E;&#x902;&#x936;&#x93E; &#x938;&#x94B;&#x932;&#x94D;&#x92F;&#x942;&#x936;&#x902;&#x938;/252/12.01.10/185/02.01.10/10.02.10</subfield>
    <subfield code="g">120.00</subfield>
    <subfield code="l">0</subfield>
    <subfield code="o">000 &#x936;&#x930;&#x94D;&#x92E;&#x93E;&#x92A;&#x94D;&#x930;&#x947;</subfield>
    <subfield code="p">B-370572</subfield>
    <subfield code="r">2010-07-29 00:00:00</subfield>
    <subfield code="t">1</subfield>
    <subfield code="v">120.00</subfield>
    <subfield code="y">HN</subfield>
  </datafield>
  <datafield tag="952" ind1=" " ind2=" ">
    <subfield code="0">0</subfield>
    <subfield code="1">0</subfield>
    <subfield code="2">ddc</subfield>
    <subfield code="4">0</subfield>
    <subfield code="7">0</subfield>
    <subfield code="8">NFIC</subfield>
    <subfield code="a">BN</subfield>
    <subfield code="b">BN</subfield>
    <subfield code="d">2010-07-29</subfield>
    <subfield code="e">&#x92E;&#x902;&#x936;&#x93E; &#x938;&#x94B;&#x932;&#x94D;&#x92F;&#x942;&#x936;&#x902;&#x938;/252/12.01.10/185/02.01.10/10.02.10</subfield>
    <subfield code="g">120.00</subfield>
    <subfield code="l">0</subfield>
    <subfield code="o">000 &#x936;&#x930;&#x94D;&#x92E;&#x93E;&#x92A;&#x94D;&#x930;&#x947;</subfield>
    <subfield code="p">B-370573</subfield>
    <subfield code="r">2010-07-29 00:00:00</subfield>
    <subfield code="t">1</subfield>
    <subfield code="v">120.00</subfield>
    <subfield code="w">2010-07-29</subfield>
    <subfield code="y">HN</subfield>
  </datafield>
  <datafield tag="952" ind1=" " ind2=" ">
    <subfield code="0">0</subfield>
    <subfield code="1">5</subfield>
    <subfield code="2">ddc</subfield>
    <subfield code="4">0</subfield>
    <subfield code="7">0</subfield>
    <subfield code="8">NFIC</subfield>
    <subfield code="a">BL4</subfield>
    <subfield code="b">BL4</subfield>
    <subfield code="d">2010-07-29</subfield>
    <subfield code="e">&#x92E;&#x902;&#x936;&#x93E; &#x938;&#x94B;&#x932;&#x94D;&#x92F;&#x942;&#x936;&#x902;&#x938;/252/12.01.10/185/02.01.10/10.02.10</subfield>
    <subfield code="g">120.00</subfield>
    <subfield code="l">0</subfield>
    <subfield code="o">000 &#x936;&#x930;&#x94D;&#x92E;&#x93E;&#x92A;&#x94D;&#x930;&#x947;</subfield>
    <subfield code="p">B-370574</subfield>
    <subfield code="r">2010-07-29 00:00:00</subfield>
    <subfield code="t">1</subfield>
    <subfield code="v">120.00</subfield>
    <subfield code="y">HN</subfield>
  </datafield>
  <datafield tag="952" ind1=" " ind2=" ">
    <subfield code="0">0</subfield>
    <subfield code="1">0</subfield>
    <subfield code="2">ddc</subfield>
    <subfield code="4">0</subfield>
    <subfield code="7">0</subfield>
    <subfield code="8">NFIC</subfield>
    <subfield code="a">YV</subfield>
    <subfield code="b">YV</subfield>
    <subfield code="d">2010-07-29</subfield>
    <subfield code="e">&#x92E;&#x902;&#x936;&#x93E; &#x938;&#x94B;&#x932;&#x94D;&#x92F;&#x942;&#x936;&#x902;&#x938;/252/12.01.10/185/02.01.10/10.02.10</subfield>
    <subfield code="g">120.00</subfield>
    <subfield code="l">0</subfield>
    <subfield code="o">000 &#x936;&#x930;&#x94D;&#x92E;&#x93E;&#x92A;&#x94D;&#x930;&#x947;</subfield>
    <subfield code="p">B-370575</subfield>
    <subfield code="r">2010-07-29 00:00:00</subfield>
    <subfield code="t">1</subfield>
    <subfield code="v">120.00</subfield>
    <subfield code="w">2010-07-29</subfield>
    <subfield code="y">HN</subfield>
  </datafield>
</record>
